01216 2200241 4500001002100000005001500021035002000036245024300056100002000299300005000319700018200369260004600551082000800597084001400605020002200619008004100641250002000682650001500702504020800717856002900925990001000954990001000964INLIS00000000114789720260313013803 a0010-03260004081 aAyo mewarnai menggambar Princess /cPenulis;Annisa Mayasari, Penyunting Shafira Karima Andanareswari, Pemeriksa Aksara; Rambu Prihatin, Perupa isi; Annisa Mayasari, Penata Aksara; Yuu, Perupa Sampul; Freepik Premiun, Perancang sampul; Yuu0 aAnnisa Mayasari a38 halaman :bIlustrasi ;c14 x 20 cmeKertas0 aPenyunting Shafira Karima Andanareswari, Pemeriksa Aksara; Rambu Prihatin, Perupa isi; Annisa Mayasari, Penata Aksara; Yuu, Perupa Sampul; Freepik Premiun, Perancang sampul; Yuu aYogyakarta :bAnak Hebat Indonesia,c2024 a397 a397 ANN a a978-623-400-753-4260313 0  aCetakan Pertama 4aMenggambar aPenulis;Annisa Mayasari, Penyunting Shafira Karima Andanareswari, Pemeriksa Aksara; Rambu Prihatin, Perupa isi; Annisa Mayasari, Penata Aksara; Yuu, Perupa Sampul; Freepik Premiun, Perancang sampul; Yuu. aPerpustakaan Keliling M3 a//001 a//001